| 000 | 00509cam a22001934a 4500 | ||
|---|---|---|---|
| 005 | 20250707103617.0 | ||
| 008 | 250528s ||||||||||||||||||||||||d | ||
| 035 | _a22497 | ||
| 020 | _a9789604555413 | ||
| 040 |
_aGR-AtMCL _bgre _dGR-AtMCL _eAACR2 |
||
| 245 | 1 | _aΦΘΟΝΟΣ ΚΑΙ ΕΥΓΝΩΜΟΣΥΝΗ ΚΑΙ ΑΛΛΑ ΚΕΙΜΕΝΑ | |
| 250 | _a1 | ||
| 260 |
_bΜεταίχμιο, _c2009 |
||
| 300 | _a387 | ||
| 700 | 1 |
_aKlein, Melanie _98314 |
|
| 942 | _cBK | ||
| 999 |
_c7549 _d7549 |
||